| 000 | 01760nam0a22003971 4500 | ||
|---|---|---|---|
| 001 | RU\NLR\CVI\004882792 | ||
| 005 | 20260531065124.0 | ||
| 035 | _a(NLR Aleph) 004882792 | ||
| 035 | _av19\rc\1791387 | ||
| 090 |
_a13424109 _c13424109 |
||
| 100 | _a20061204e19051905|||y0rusy50 ca | ||
| 101 | 0 |
_arus _aara |
|
| 102 | _aRU | ||
| 105 | _ay z ||||| | ||
| 200 | 1 |
_aКрещение армян, грузин, абхазов и аланов святым Григорием _e(Араб. версия) _fН. Марр |
|
| 210 |
_aСанкт-Петербург _cтип. Имп. Акад. наук _d1905 |
||
| 215 |
_a[2], 63-211 с. _d29 |
||
| 300 | _aТекст на рус. и араб. яз. | ||
| 311 | _aОтт. из "Зап. Вост. отд. Имп. Рус. археол. о-ва". Т. 16 | ||
| 488 | 0 |
_12001#$aЗаписки Восточного отделения Императорского Русского археологического общества$vТ. 16 _tЗаписки Восточного отделения Императорского Русского археологического общества |
|
| 532 | 1 | 3 | _aКрещение армян, грузин, абхазов и аланов святым Григорием |
| 700 | 1 |
_8rus _7ca _aМарр _bН. Я. _f1865-1934 _gНиколай Яковлевич _3RU\NLR\AUTH\7723108 _96162 |
|
| 702 | 0 |
_aГригорий _cсв. _4570 |
|
| 801 | 0 |
_aRU _bNLR _gpsbo |
|
| 801 | 0 |
_aRU _bRuMoRGB _2psbo |
|
| 801 | 1 |
_aRU _bProSoft-M _2rusmarc |
|
| 852 |
_aNLR _j38.46.2.48 |
||
| 852 |
_aNLR _jКрI-8123 |
||
| 852 |
_aNLR _bМф _jК1/27605 |
||
| 899 |
_aRuMoRGB _jS 10/58 |
||
| 899 | _aБАН | ||
| 899 | _aНБ СПбГУ | ||
| 942 | _cBOOK | ||
| 980 | _aNB | ||
| 980 | _aKRCH | ||